000
00297nam a2200133Ia 4500
008
240624s9999 xx 000 0 und d
041
_a
eng
082
_a
823 STE
100
_a
STEEL DANIEL
245
_a
KISS
260
_c
2002
_a
London
_b
Corgi Books
300
_a
444 : p. : cm. ; 17
365
_c
RS
999
_c
3825
_d
3825